| 000 | 00715nam a2200217Ia 4500 | ||
|---|---|---|---|
| 008 | 220216s9999 xx 000 0 und d | ||
| 100 | _aSanjaya N.A.A.K | ||
| 245 | 0 | _aApplicability of natural rubber based polymer electrolyte for electrochemical double layer capacitors | |
| 260 |
_bSri Lankan Journal of Physics _c2019 |
||
| 300 | _a17-26 | ||
| 500 | _aSource Year: 2019 | ||
| 650 | _aCyclic voltammetry | ||
| 650 | _aElectrochemical double layer capacitors | ||
| 650 | _aElectrochemical impedence spectroscopy | ||
| 650 | _aGraphite | ||
| 650 | _aSolvent casting | ||
| 700 | _aPerera K.S | ||
| 700 | _aVidanapathirana K.P | ||
| 856 | _uCopy (http://doi.org/10.4038/sljp.v20i0.8067) | ||
| 942 | _cJS | ||
| 999 |
_c54345 _d54345 |
||